Somaclonal variations and crop improvement : Proceedings of a seminar in the CEC Programme of Coordination of Research on Plant Protection Improvement, held in Gembloux, Belgium, 3-5 September, 1985 (Record no. 39496)

MARC details
000 -LEADER
fixed length control field 00549nam a2200133Ia 4500
082 ## - DEWEY DECIMAL CLASSIFICATION NUMBER
Classification number 573.6:575.224
Item number SEM
245 #0 - TITLE STATEMENT
Title Somaclonal variations and crop improvement : Proceedings of a seminar in the CEC Programme of Coordination of Research on Plant Protection Improvement, held in Gembloux, Belgium, 3-5 September, 1985
260 ## - PUBLICATION, DISTRIBUTION, ETC. (IMPRINT)
Place of publication Boston
Name of publisher Martinus Nijhoff Publishers
Year of publication 1986
490 ## - SERIES STATEMENT
Series statement Advances in Agricultural Biotechnology
650 ## - SUBJECT ADDED ENTRY--TOPICAL TERM
Topical Term Tissue culture
700 ## - ADDED ENTRY--PERSONAL NAME
Personal name Semal, Jean
942 ## - ADDED ENTRY ELEMENTS (KOHA)
Koha item type Books
Holdings
Withdrawn status Lost status Damaged status Not for loan Home library Current library Date acquired Cost, normal purchase price Full call number Accession Number Koha item type
        RRII Library RRII Library 16/12/2021 121.00 573.6:575.224 SEM 19828 Books